| 000 | 02322nam0a2200409 4500 | ||
|---|---|---|---|
| 001 | RU\NLR\BIBL_A\022656752 | ||
| 005 | 20260204124404.0 | ||
| 010 |
_a978-5-907903-61-6 _9350 |
||
| 021 |
_aRU _bКН-П-25-055841 _9КН-П-25-5394 |
||
| 035 | _a(NLR Aleph) 022656752 | ||
| 090 |
_a13539104 _c13539104 |
||
| 100 | _a20251029d2025 u y0rusy50 ca | ||
| 101 | 0 | _arus | |
| 102 | _aRU | ||
| 105 | _ac z 010gy | ||
| 181 | 0 |
_ai _b xxe |
|
| 182 | 0 | _an | |
| 200 | 1 |
_aЖиви в веках России слава! _eлитературный сборник Волоконовского творческого объединения "Лира" _eпосвящается 80-летию Победы в Великой Отечественной войне и участникам специальной военной операции _fавторы-составители: Г. В. Гришина [и др.] |
|
| 203 |
_aТекст _bвизуальный _cнепосредственный |
||
| 210 |
_aБелгород _cКонстанта _d2025 |
||
| 215 |
_a191 с. _cцв. портр. _d21 |
||
| 327 | 0 | _aСодерж. стихи поэтов: Брагин В. А., Водопьянов Н. Е., Гришина Г. В., Гуцев Н. Е., Ефименко Л. И., Канцурова Т. Н., Карпушин В. Ф., Ковалёва T. Г., Комарицкий В. И., Крахмаль П. Н. и др. | |
| 606 | 1 |
_aВеликая Отечественная война _xв художественной литературе _z1941 - 1945 _91237620 _3RU\NLR\AUTH\66187768 |
|
| 606 | 1 |
_aСпециальная военная операция Российской Федерации _xв художественной литературе _z2022 _92538205 _3RU\NLR\AUTH\6601716475 |
|
| 686 | 2 | _aШ6(2=Р)8-94 | |
| 686 | 2 | _aШ6(2=Р)8-999 | |
| 686 | 2 | _aШ6(2=Р)8-5 | |
| 711 | 0 | 2 |
_a"Лира", волоконовское творческое объединение _cБелгородская обл. _92685092 _3RU\NLR\AUTH\880634471 |
| 942 | _cBOOK | ||
| 980 | _aSVO | ||
| 980 | _aNB | ||